| 000 | 01639nam a2200229Ia 4500 | ||
|---|---|---|---|
| 003 | Ost | ||
| 005 | 20260507075200.0 | ||
| 008 | 260507s9999||||xx |||||||||||||| ||und|| | ||
| 040 | _cfsecg | ||
| 041 | _aara | ||
| 082 | _a330 | ||
| 100 |
_aمسعد، محمد فضل _eمؤلف |
||
| 245 | 0 |
_aالمحاسبة الحكومية / _c محمد فضل مسعد |
|
| 260 |
_aعمان: _bمكتبة المجتمع العربي, _c2009 |
||
| 300 |
_a348 صفحة؛ _c24 سم |
||
| 504 | _aمراجع ص.347 | ||
| 520 | _aتعريف المحاسبة الحكومية و الملامح الرئيسية لها ، الميادئ الأساسية في المحاسبة الحكومية و معاييرها ، المنظمات الدولية المهتمة بالمحاسبة الحكومية ، الموازنة العامة للدولة ، إعداد الموازنة العامة في المملكة الأردنية الهاشمية وة تنفيذها ، هيكل النظام المحاسبي بالوحدات الحكومية ، المعالجة المحاسبية للعمليات المالية الحكومية ، التقارير الدورية و الحسابات الختامية بالوحدات الحكومية ، الرقابة على تنفيذ الميزانية ، العلاقات بين المحاسبة القومية و نظرية الاقتصاد التجميعي و اخيرا نظام المحاسبة القومية | ||
| 653 | _aالمحاسبة الحكومية | ||
| 653 | _aتدقيق الحسابات الحكومية | ||
| 700 |
_aالخطيب، خالد راغب _eمؤلف ثانوي |
||
| 942 | _cكتاب | ||
| 999 |
_c43397 _d43397 |
||